| 000 | 00876cab a2200229 4500 | ||
|---|---|---|---|
| 001 | ABS39804 | ||
| 008 | 090401t1988 xxu||||| |||| 00| 0 eng d | ||
| 035 | _a(Sirsi) u19051 | ||
| 041 | _aeng | ||
| 100 | _aClarke, H.W. | ||
| 245 | _aRules that cover arbitration role | ||
| 260 | _c1988 | ||
| 350 | _a0 | ||
| 490 |
_aMunicipal Journal _v96(39) 30 September 1988, 2074(1) |
||
| 520 | _aReviews procedure for settling building control disputes which may arise between developer and local authority. The SoS Environment has authority under the Building Act 1984 to settle such disputes. | ||
| 650 | _aMANAGEMENT-DISPUTE AVOIDANCE, MANAGEMENT AND RESOLUTION-DISPUTE MANAGEMENT AND RESOLUTION-ARBITRATION | ||
| 650 | _aBUILDING ACT 1984 S16 | ||
| 650 |
_aBUILDING REGULATIONS _96224 |
||
| 690 | _aBUILDING AND CONSTRUCTION-CONTROL | ||
| 942 | _n0 | ||
| 948 | _c04/03/1997 | ||
| 999 |
_c12685 _d12685 |
||